00931nam a22001697a 4500003001000000008004100010040001400051041000700065100003200072245004600104260003300150300001200183500007900195520045600274650002000730654001100750IT-MiCISF161219b xxu||||| |||| 00| 0 eng d cIT-MiCISF ait aChapman Gary, Campbell Ross aI cinque linguaggi dell'amore dei bambini aLeumann (TO)bElledicic2005 app. 208 agenitorialità, crescita-bambini, educazione-bambini, educazione-genitori aOgni bambino ha un linguaggio principale dell'amore, un modo grazie al quale comprende meglio l'amore di un genitore. Questo libro aiuta i genitori a riconoscere e parlare il linguaggio principale dell'amore del loro bambino e altri quattro linguaggi dell'amore comuni che possono aiutarlo a comprendere di essere amato. Il libro termina con un "piano d'azione" che contiene programmi ed esercizi per applicare i concetti presentati nella trattazione. agenitorialità asaggio